| 000 | 006300000a22001810004500 | ||
|---|---|---|---|
| 003 | MACL | ||
| 005 | 20160506154020.0 | ||
| 008 | 160506b xxu||||| |||| 00| 0 eng d | ||
| 040 |
_aMACL _cMACL |
||
| 041 | _aHindi | ||
| 082 | _a800 MAT | ||
| 100 |
_aमाथुर, जगन्नाथस्वरूप _955491 |
||
| 245 |
_aगॉधी परिचर्चा _cजगन्नाथस्वरूप माथुर |
||
| 260 |
_aइलाहाबाद _bयश पब्लिकेशन्स _c2012 |
||
| 350 | _a250 | ||
| 650 |
_aसाहित्य _955492 |
||
| 942 |
_cHIN _k800/MAT _2ddc |
||
| 999 |
_c47225 _d47225 |
||